00901cam a2200241 a 450000100100000000500170001000800410002702000150006804000200008308200240010310000620012724500980018925000110028726000350029830000210033349000270035465000290038165000420041083000360045291000280048895201280051699900150064400001007720200929161831.0990705s1991 sp 001 p spa  a8475222501 aDO-SdBNPdBNPHU a861.64bA887p, 19911 aAtxaga, Bernardo.q(José Irazu Garmendia)d1951-92505710aPoemas & híbridos :bselección y versiones del propio autor 1974-1989 /cBernardo Atxaga. a2a ed. aMadrid :bVisor Libros,c1991. a119 p. ;c19 cm.1 aVisor de Poesíav250 4aPoesía española9631 4aLiteratura españolaySIGLO XX93326 0aVisor de Poesía ;v250913366 aCatalogación derivada 001052708MOaGRbGRcCTd2009-10-03iLF1l0o861.64 A887p, 1991p10077-10r2020-06-25w2020-06-25y2ZPréstamo interno c9836d9836